Minecraft Quiz - Statistics

General Stats
  • This quiz has been taken 104 times
    20 since last reset
  • The average score is 11 of 20
Answer Stats
Hint Answer % Correct
What mob can fly through walls? Vex
100%
Which version changed PvP? 1.9
73%
What is the most iconic mob in the game? Creeper
73%
What is the only mob that can naturally spawn in all 3 dimensions? Enderman
73%
Fill in the blank: ______ never dies Technoblade
73%
Which version of Minecraft added bees? 1.15
67%
What block turns villagers into farmers? Composter
67%
What popular Minecraft map do you fall down from a great height and try to land in water? Dropper
67%
Name the achievement you get after killing a ghast with its own fireball Return to Sender
67%
Which mob can drop iron but only rarely? Zombie
67%
What is known as the hardest achievement in the game? How Did We Get Here
60%
What block can be used to make bubble elevators? Soul Sand
60%
What is the biggest Minecraft server of all time? Hypixel
53%
Which item can be used to repair an Elytra? Phantom Membrane
53%
What can you name a vindicator to make it start killing most mobs? Johnny
47%
Base chance of dropping a wither skeleton skull is 1 in _____ 40
40%
Which village type can spawn villagers in a blue outfit? Snow
40%
What biome cannot spawn any hostile mobs? Mushroom island
33%
Which is the most common structure in Minecraft? Mineshaft
20%
Name the only account with a different player model Deadmau5
13%
No matching quizzes found
Score Distribution
Percent of People with Each Score
Percentile by Number Answered
Your Score History
You have not taken this quiz since the last reset